Koncepčný návrh domiešavacej nadstavby na univerzálnu platformu

Gespeichert in:
Bibliographische Detailangaben
1. Verfasser: Gyurcsi, Adam (Verfasst von)
Weitere Verfasser: Holub, Peter (Betreuung Doktorarbeit)
Format: Manuskript Buch
Sprache:Slowakisch
Veröffentlicht: 2025
Schlagworte:
Online-Zugang:http://is.stuba.sk/zp/portal_zp.pl?podrobnosti=176428
Tags: Tag hinzufügen
Keine Tags, Fügen Sie das erste Tag hinzu!

MARC

LEADER 00000ntm a22000003a 4500
001 stuzp105448
003 SK-STU
005 20250628212753.8
007 ta
008 150427s2015----xo-----f-mn---000-0-slo-d
040 |a STU  |b slo 
041 0 |a slo 
100 1 |a Gyurcsi, Adam  |u 020030  |4 aut  |U SjF Strojnícka fakulta  |T SjF Ústav automobilového inžinierstva a konštruovania  |X 121664  |U J0030  |Y 806  |7 121664 
242 0 1 |a Conceptual design of a concrete mixing superstructure for a universal mobile platform  |y eng 
245 1 0 |a Koncepčný návrh domiešavacej nadstavby na univerzálnu platformu 
260 |c 2025 
650 4 |a nadstavba  |2 slo 
650 4 |a miešacia nadstavba  |2 slo 
650 4 |a miešací bubon  |2 slo 
650 4 |a analýza  |2 slo 
650 4 |a domiešavač  |2 slo 
650 4 |a mixing drum  |2 eng 
650 4 |a analysis  |2 eng 
650 4 |a superstructure  |2 eng 
650 4 |a mixer  |2 eng 
650 4 |a mixing superstructure  |2 eng 
700 1 |a Holub, Peter  |u 020030  |k Z3  |4 ths  |U SjF Strojnícka fakulta  |T SjF Ústav automobilového inžinierstva a konštruovania  |X 112909  |U J0030  |Y 806  |7 112909 
856 4 |u http://is.stuba.sk/zp/portal_zp.pl?podrobnosti=176428